Soils and men. (Record no. 11534)
[ view plain ]
| 000 -LEADER | |
|---|---|
| fixed length control field | 00970cam a22003251a 4500 |
| 001 - CONTROL NUMBER | |
| control field | agr55000013 |
| 003 - CONTROL NUMBER IDENTIFIER | |
| control field | DLC |
| 005 - DATE AND TIME OF LATEST TRANSACTION | |
| control field | 20260227111017.0 |
| 008 - FIXED-LENGTH DATA ELEMENTS--GENERAL INFORMATION | |
| fixed length control field | 730503s1938 dcuab b f001 0 eng |
| 010 ## - LIBRARY OF CONGRESS CONTROL NUMBER | |
| LC control number | agr55000013 |
| 035 ## - SYSTEM CONTROL NUMBER | |
| System control number | (OCoLC)615786 |
| 040 ## - CATALOGING SOURCE | |
| Original cataloging agency | DLC |
| Transcribing agency | OKentU |
| Modifying agency | DNAL |
| -- | OCoLC |
| -- | PGraM |
| -- | MoSU-L |
| -- | DLC |
| 042 ## - AUTHENTICATION CODE | |
| Authentication code | premarc |
| 050 00 - LIBRARY OF CONGRESS CALL NUMBER | |
| Classification number | S21 |
| Item number | .A35 1938 |
| 070 0# - NATIONAL AGRICULTURAL LIBRARY CALL NUMBER | |
| Classification number | 1 |
| Item number | Ag84Y 1938 |
| 072 #0 - SUBJECT CATEGORY CODE | |
| Subject category code | J800 |
| 074 ## - GPO ITEM NUMBER | |
| GPO item number | 6 |
| 086 0# - GOVERNMENT DOCUMENT CLASSIFICATION NUMBER | |
| Classification number | A 1.10:938 |
| 245 00 - TITLE STATEMENT | |
| Title | Soils and men. |
| 260 ## - PUBLICATION, DISTRIBUTION, ETC. | |
| Place of publication, distribution, etc. | Washington D.C. : |
| Name of publisher, distributor, etc. | U.S. Dept. of Agriculture, |
| Date of publication, distribution, etc. | [1938] |
| 300 ## - PHYSICAL DESCRIPTION | |
| Extent | 1232 p. : |
| Other physical details | ill., maps ; |
| Dimensions | 24 cm. |
| 490 1# - SERIES STATEMENT | |
| Series statement | Yearbook of agriculture ; |
| Volume/sequential designation | 1938 |
| 500 ## - GENERAL NOTE | |
| General note | Includes index. |
| 500 ## - GENERAL NOTE | |
| General note | Folded col. map attached to back cover. |
| 504 ## - BIBLIOGRAPHY, ETC. NOTE | |
| Bibliography, etc. note | "Literature cited": p. 1181-1207. |
| 650 #0 - SUBJECT ADDED ENTRY--TOPICAL TERM | |
| Topical term or geographic name entry element | Soils. |
| 650 #0 - SUBJECT ADDED ENTRY--TOPICAL TERM | |
| Topical term or geographic name entry element | Soil conservation |
| Geographic subdivision | United States. |
| 650 #0 - SUBJECT ADDED ENTRY--TOPICAL TERM | |
| Topical term or geographic name entry element | Soils |
| Geographic subdivision | United States. |
| 830 #0 - SERIES ADDED ENTRY--UNIFORM TITLE | |
| Uniform title | Yearbook of agriculture (Washington, D.C. : 1926) ; |
| Volume/sequential designation | 1938. |
No items available.